| 000 | 01010nam a22002537a 4500 | ||
|---|---|---|---|
| 999 |
_c13725 _d13725 |
||
| 003 | MIRAKIL | ||
| 005 | 20200122112548.0 | ||
| 008 | 200122b tu ||||| |||| 00| 0 tur d | ||
| 020 | _a9789753510561 | ||
| 040 |
_aTR-AnCHP _cTR-AnCHP |
||
| 041 | _atur | ||
| 082 |
_a320.533 _bB68f 2016 |
||
| 100 | _aBourderon, Roger | ||
| 245 | 1 | 0 |
_aFaşizm : _bideoloji ve uygulamalar, (faşizm, nazizm ve falanjizmin) karşılaştırmalı çözümleme denemesi/ _cRoger Bourderon ;çeviren: Kenan Somer |
| 246 | _aideoloji ve uygulamalar, (faşizm, nazizm ve falanjizmin) karşılaştırmalı çözümleme denemesi/ | ||
| 250 | _a2 bs. | ||
| 260 |
_aAnkara: _bOnur yayınları, _c2016. |
||
| 300 |
_a214 s.: _c19 sm. |
||
| 500 | _aÖzgün yapıt adı: Le fascisme, ideologie et pratiques (essai d'analyse comparee) | ||
| 504 | _aKaynakça vardır. | ||
| 650 | 0 |
_96224 _aFaşizm |
|
| 740 | _aideoloji ve uygulamalar, (faşizm, nazizm ve falanjizmin) karşılaştırmalı çözümleme denemesi/ | ||
| 942 |
_2ddc _cBKS |
||